| 000 | 00439nam a2200181Ia 4500 | ||
|---|---|---|---|
| 001 | 17673 | ||
| 005 | 20260306171534.0 | ||
| 008 | 260306s9999||||xx |||||||||||||| ||und|| | ||
| 041 | _aESP | ||
| 082 |
_a658.15 _bB137 |
||
| 100 |
_aBesley, Scott _eAUT |
||
| 245 | 0 | _aFundamentos de administración financiera | |
| 260 | _c2015 | ||
| 300 |
_axvi, 799 páginas : _c27 cm. |
||
| 650 | _aGEN | ||
| 654 | _aCAN | ||
| 942 |
_cLIB _dJUS _fJUS _2ddc _n |
||
| 999 |
_c17673 _d17673 |
||